Cinema e omosessualità

Saved in:
Bibliographic Details
Corporate Authors: Associazione Italiana Amici del Cinema d'Essai, AIACE < Associazione Italiana Amici del Cinema d'Essai >
Format: Conference Proceeding Book
Language:English
Published: Roma AIACE 1980
Tags: Add Tag
No Tags, Be the first to tag this record!

MARC

LEADER 00000nam a2200000 4500
001 CDOM0000002410
003 mi
005 20250719124728.0
008 250719b |||||||| |||| 00| 0 eng d
040 |c mi 
110 |a Associazione Italiana Amici del Cinema d'Essai 
245 1 |a Cinema e omosessualità  |c [A cura della] Associazione Italiana Amici del Cinema d'Essai 
260 |a Roma  |b AIACE  |c 1980 
300 |a 47 p.  |c 25 cm. 
410 0 |a Altro Cinema  |v 30-31 
500 |a Numero monografico del periodico Altro Cinema. 
711 |a AIACE < Associazione Italiana Amici del Cinema d'Essai > 
942 |2 ddc  |c BK 
952 |0 0  |1 0  |2 ddc  |4 0  |6 B_SCR03AIACECIN11  |7 0  |9 8670  |a MI  |b MI  |d 2006-05-19  |i 594  |l 0  |o B-SCR03-AIACE-CIN11  |p CDOM594  |r 2025-07-17 21:50:00  |w 2025-07-17  |x ACQUISTO  |y BK 
999 |c 7211  |d 7211